Logo Biblioteca

Las confesiones / (Registro nro. 862)

Detalles MARC
000 -LEADER
fixed length control field 01241aam a2200229 a 4500
003 - CONTROL NUMBER IDENTIFIER
control field AR-RoUNCS
005 - DATE AND TIME OF LATEST TRANSACTION
control field 20251219105746.0
008 - FIXED-LENGTH DATA ELEMENTS--GENERAL INFORMATION
fixed length control field 141015s2012 ag gr 001 p spa
015 ## - NATIONAL BIBLIOGRAPHY NUMBER
National bibliography number AR-2012
020 ## - INTERNATIONAL STANDARD BOOK NUMBER
International Standard Book Number 978-987-1586-30-1
040 ## - CATALOGING SOURCE
Original cataloging agency AR-BaBN
Language of cataloging spa
Transcribing agency AR-Ro-UNCS
Description conventions aacr
044 ## - COUNTRY OF PUBLISHING/PRODUCING ENTITY CODE
MARC country code ag
ISO country code ar-c
080 1# - UNIVERSAL DECIMAL CLASSIFICATION NUMBER
Universal Decimal Classification number 82-1(82)
Edition identifier 2016
100 1# - MAIN ENTRY--PERSONAL NAME
Personal name Iriarte, Fabián O.,
Dates associated with a name 1963-
Relator term autor
Relationship aut
245 14 - TITLE STATEMENT
Title Las confesiones /
Statement of responsibility, etc. Fabián O. Iriarte.
260 ## - PUBLICATION, DISTRIBUTION, ETC.
Place of publication, distribution, etc. Buenos Aires :
Name of publisher, distributor, etc. Huesos de Jibia,
Date of publication, distribution, etc. 2012.
300 ## - PHYSICAL DESCRIPTION
Extent 91 p. ;
Dimensions 20 cm.
520 3# - SUMMARY, ETC.
Summary, etc. La voz elegíaca y sentimental de Irirarte acude a las formas taxonómicas de la teoría, o por lo menos tiene conciencia de ellas, pero no con el fin de acatar sus normas, sino para enunciar a partir de su devastación y construir una ley propia. Toda poesía, aun aquella que quiera desligarse del yo, no deja de tener un carácter autofiográfico, nos viene a decir Iriarte. A partir de esta hipótesis el autor enuncia. Pero a diferencia de una concepción que se afinca devotamente en la lírica confesional, el autor adopta este discurso percatándose de su naturaleza artificiosa. (Carlos Battilana).
650 #7 - SUBJECT ADDED ENTRY--TOPICAL TERM
Source of heading or term embne
Topical term or geographic name entry element Literatura argentina
655 #7 - INDEX TERM--GENRE/FORM
Source of term embne
Genre/form data or focus term Poesías
942 ## - ADDED ENTRY ELEMENTS (KOHA)
Source of classification or shelving scheme Universal Decimal Classification
Koha item type Libro de préstamo a domicilio
Suppress in OPAC No
Existencias
Withdrawn status Lost status Source of classification or shelving scheme Damaged status Not for loan Collection Home library Current library Date acquired Source of acquisition Total checkouts Full call number Barcode Date last seen Date last checked out Price effective from Koha item type
    Universal Decimal Classification     Colección General Biblioteca Escuela de Ciencias Sociales Biblioteca Escuela de Ciencias Sociales 19/12/2025 Donación 2023 1 82-1(82) IR68 000165 06/05/2026 23/04/2026 19/12/2025 Libro de préstamo a domicilio
Biblioteca de la Escuela Preuniversitaria en Ciencias Sociales y Humanísticas.
Riobamba 250 bis.
CP 2000 - Rosario - Santa Fe
E-Mail: biblioteca@esociales.unr.edu.ar